Ultimate Fifa World Cup Final Quiz 1966 - Statistics

General Stats
  • This quiz has been taken 22 times
  • The average score is 11 of 27
Answer Stats
Hint Answer % Correct
10 Geoff Hurst
100%
6 Bobby Moore
94%
1 Gordon Banks
88%
9 Bobby Charlton
81%
Manager Alf Ramsey
75%
5 Jack Charlton
75%
16 Martin Peters
75%
4 Franz Beckenbauer
56%
4 Nobby Stiles
56%
2 George Cohen
50%
21 Roger Hunt
50%
7 Alan Ball
44%
8 Helmut Haller
38%
3 Ray Wilson
38%
9 Uwe Seeler
25%
12 Wolfgang Overath
25%
1 Hans Tilkowski
19%
11 Lothar Emmerich
19%
10 Siegfried Held
19%
Referee Gottfried Dienst
13%
Manager Helmut Schon
13%
2 Horst-Dieter Hottges
13%
6 Wolfgang Weber
13%
3 Karl-Heinz Schnellinger
6%
Linesman Karol Galba
6%
Linesman Tofiq Bahramov
6%
5 Willi Schulz
6%
No matching quizzes found
Score Distribution
Percent of People with Each Score
Percentile by Number Answered
Your Score History
You have not taken this quiz